书目信息 |
| 题名: |
Principles of economics
|
|
| 作者: | 马歇尔 著 ;高原 导读 注释 | |
| 分册: | ||
| 出版信息: | 上海 上海译文出版社 2021.05 |
|
| 页数: | 14, 1045页 | |
| 开本: | 21cm | |
| 丛书名: | 世界学术经典 | |
| 单 册: | ||
| 中图分类: | F0 | |
| 科图分类: | ||
| 主题词: | 微观经济学--wei guan jing ji xue--英文 | |
| 电子资源: | ||
| ISBN: | 978-7-5327-8639-8 | |
| 000 | 01219nam 2200277 450 | |
| 001 | CAL 004130008 | |
| 005 | 20210629091638.4 | |
| 010 | @a978-7-5327-8639-8@b精装@dCNY238.00 | |
| 100 | @a20210624d2021 em y0chiy0120 ba | |
| 101 | 0 | @aeng |
| 102 | @aCN@b310000 | |
| 105 | @ay z 000yy | |
| 106 | @ar | |
| 200 | 1 | @aPrinciples of economics@e经济学原理@fAlfred Marshall@d= 经济学原理@f(英) 阿尔弗雷德·马歇尔著@g高原导读 注释@zchi |
| 210 | @a上海@c上海译文出版社@d2021.05 | |
| 215 | @a14, 1045页@d21cm | |
| 225 | 2 | @a世界学术经典@Ashi jie xue shu jing dian@e英文版@i经济学 |
| 330 | @a本书包含六篇主要内容, 集中体现了马歇尔的经济学思想和主要观点, 对马歇尔经济学说核心“均衡价格论”进行了论证和引申。该书一方面吸取了古典经济学的经验, 另一方面则是以数学为基础, 既通俗易懂又博大精深, 它作为新古典经济学的开山之作, 建构了现代微观经济学的理论, 对现代经济学的发展有着深远影响。 | |
| 410 | 0 | @12001 @a世界学术经典 (英文版)@i经济学 |
| 510 | 1 | @a经济学原理@zchi |
| 606 | 0 | @a微观经济学@Awei guan jing ji xue@x英文 |
| 690 | @aF0@v5 | |
| 701 | 1 | @a马歇尔@Ama xie er@g(Marshall, Alfred),@f1842-1924@4著 |
| 702 | 0 | @a高原@Agao yuan@4导读 注释 |
| 801 | 0 | @aCN@b人天书店@c20210624 |
| 905 | @aTSG@b0001343@dF0@eM191@f1 | |
| Principles of economics:经济学原理/Alfred Marshall= 经济学原理/(英) 阿尔弗雷德·马歇尔著/高原导读 注释.-上海:上海译文出版社,2021.05 |
| 14, 1045页;21cm.-(世界学术经典:英文版.经济学) |
| ISBN 978-7-5327-8639-8(精装):CNY238.00 |
| 本书包含六篇主要内容, 集中体现了马歇尔的经济学思想和主要观点, 对马歇尔经济学说核心“均衡价格论”进行了论证和引申。该书一方面吸取了古典经济学的经验, 另一方面则是以数学为基础, 既通俗易懂又博大精深, 它作为新古典经济学的开山之作, 建构了现代微观经济学的理论, 对现代经济学的发展有着深远影响。 |
| ● |
| 相关链接 |
|
|
|
正题名:Principles of economics
索取号:F0/M191
 
预约/预借
| 序号 | 登录号 | 条形码 | 馆藏地/架位号 | 状态 | 备注 |
| 1 | 1533981 | 215339818 | 社科库409/409社科库 61排2列3层/ [索取号:F0/M191] | 在馆 |